Propiedad, capital, trabajo / (Record no. 108370)

MARC details
000 -LEADER
campo de control de longitud fija 00483nam a2200157 4500
001 - NÚMERO DE CONTROL
campo de control 108370
003 - IDENTIFICADOR DE NÚMERO DE CONTROL
campo de control ES-MaACL
005 - FECHA Y HORA DE LA ÚLTIMA TRANSACCIÓN
campo de control 20230906184630.0
007 - CAMPO FIJO DE DESCRIPCIÓN FÍSICA--INFORMACIÓN GENERAL
campo de control de longitud fija t|
008 - DATOS DE LONGITUD FIJA--INFORMACIÓN GENERAL
campo de control de longitud fija 061121s1971 sp r ||||1| spa d
100 1# - ENTRADA PRINCIPAL--NOMBRE DE PERSONA
Nombre de persona Montero de Burgos, José Luis.
9 (RLIN) 82512
245 10 - MENCIÓN DEL TÍTULO
Título Propiedad, capital, trabajo /
Mención de responsabilidad, etc. José Luis Montero de Burgos.
260 ## - PUBLICACIÓN, DISTRIBUCIÓN, ETC.
Lugar de publicación, distribución, etc. Madrid :
Nombre del editor, distribuidor, etc. [s.n.],
Fecha de publicación, distribución, etc. 1971 (
Fabricante Ramos, Art. Gráf.)
300 ## - DESCRIPCIÓN FÍSICA
Extensión 229 p. con 11 gráf. ;
Dimensiones 24 cm.
852 ## - LOCALIZACIÓN
Ubicación ES-MaACL
Número de control de estantería C-44131
Sublocalización o colección R.79616
Holdings
Estatus retirado Estado de pérdida Estado de daño No para préstamo Biblioteca de origen Biblioteca actual Ubicación en estantería Fecha de adquisición Fuente de adquisición Total de préstamos Signatura topográfica completa Código de barras Visto por última vez Precio de reemplazo Tipo de ítem Koha
        Biblioteca del Ateneo de Madrid Biblioteca del Ateneo de Madrid Depósito 2 17/01/2008     C-44131 1113082 23/02/2023 23/02/2023 Libro impreso